Two new Crinipellinae (<Tricholomataceae: Marasmiae>) from south America (Registro nro. 11819)

Detalles MARC
000 -CABECERA
Campo de control 006080000a22001930004500
090 ## - CLASIFICACIÓN LOCAL
Colección AR
Consecutivo 02758
041 0# - IDIOMA
Código de idioma para texto/pista de sonido o título separado
100 1# - ASIENTO PRINCIPAL--NOMBRE PERSONAL
Nombre personal Halling, Roy E.
245 10 - MENCION DE TITULO
Título Two new Crinipellinae (<Tricholomataceae: Marasmiae>) from south America
650 14 - ASIENTO SECUNDARIO DE MATERIA - TERMINO TEMATICO
Término temático o nombre geográfico como elemento de entrada Micología
650 14 - ASIENTO SECUNDARIO DE MATERIA - TERMINO TEMATICO
Término temático o nombre geográfico como elemento de entrada Taxonomía
650 14 - ASIENTO SECUNDARIO DE MATERIA - TERMINO TEMATICO
Término temático o nombre geográfico como elemento de entrada Morfología
650 14 - ASIENTO SECUNDARIO DE MATERIA - TERMINO TEMATICO
Término temático o nombre geográfico como elemento de entrada Nuevas especies
651 #4 - ASIENTO SECUNDARIO DE MATERIA - NOMBRE GEOGRAFICO
-- Cordillera de los Andes
-- Colombia
653 ## - TERMINO DE INDIZACION - NO CONTROLADO
-- Crinipellis
-- Crinipellis ticoi
653 ## - TERMINO DE INDIZACION - NO CONTROLADO
-- Chaetocalathus
-- Chaetocalathus magnus
773 1# - Item fuente:
Título Mycotaxon
Especificación de materiales 1308
Paginas del Articulo 379-385
Lugar, editorial y fecha de publicación 1993
Información sobre la relación 47
942 ## - ELEMENTOS ADICIONALES (KOHA)
Tipo de ítem Artículo
Existencias
Withdrawn status Lost status Damaged status No para préstamo Colección Ubicación Permanente Ubicación actual Fecha de adquisición Datos de publicación Seriada Total Checkouts Número topográfico Inventario / Código de Barras Date last seen Ejemplar Price effective from Forma de adquisición Tipo de material
      No para Préstamo Hemeroteca Bogotá Bogotá 27/02/2015 Fuera de circulación   AR 02758 013170 25/03/2015 1 25/03/2015   Artículo